Statistics for Minecraft 1.20.1 Advancements and Criteria

Click here to take the quiz!

General Stats

  • This quiz has been taken 43 times
    (40 since last reset)
  • The average score is 154 of 312

Answer Stats

HintAnswer% Correct
AdvancementThe End
81%
AdvancementThe End?
81%
AdvancementNether
78%
Mobs to BreedPig
74%
Nether BiomeWarped Forest
74%
Nether BiomeBasalt Deltas
70%
Mobs to BreedChicken
70%
Mobs to BreedCow
70%
Monster KilledCreeper
70%
Monster KilledEnder Dragon
70%
Mobs to Breed | Monster KilledHoglin
70%
Monster KilledPiglin
70%
Monster KilledSkeleton
70%
Nether BiomeSoul Sand Valley
70%
EffectSpeed
70%
Effect | Monster KilledWither
70%
Monster KilledZombie
70%
Mobs to BreedBee
67%
Nether BiomeCrimson Forest
67%
Monster KilledEnderman
67%
Mobs to BreedHorse
67%
Nether BiomeNether Wastes
67%
EffectPoison
67%
Mobs to BreedSheep
67%
Monster KilledShulker
67%
EffectSlowness
67%
Monster KilledSpider
67%
FoodSteak
67%
AdvancementStone Age
67%
Monster KilledWither Skeleton
67%
Mobs to BreedWolf
67%
Monster KilledZombie Villager
67%
CatsBlack
63%
Monster KilledBlaze
63%
EffectBlindness
63%
Mobs to BreedCat
63%
Monster KilledDrowned
63%
Monster KilledEndermite
63%
Monster KilledGhast
63%
Advancement | EffectHero of the Village
63%
AdvancementIsn't It Iron Pick
63%
EffectLevitation
63%
Monster KilledMagma Cube
63%
AdvancementMinecraft
63%
EffectNight Vision
63%
BiomePlains
63%
FoodRaw Beef
63%
FoodRaw Chicken
63%
Monster KilledSilverfish
63%
Monster KilledSlime
63%
Mobs to BreedTurtle
63%
Armor TrimWard
63%
AdvancementWe Need to Go Deeper
63%
Monster KilledWitch
63%
Monster KilledZombified Piglin
63%
FoodApple
59%
FoodCarrot
59%
Monster KilledCave Spider
59%
EffectConduit Power
59%
FoodCooked Chicken
59%
BiomeDesert
59%
AdvancementDiamonds!
59%
Mobs to BreedDonkey
59%
Monster KilledElder Guardian
59%
Monster KilledEvoker
59%
BiomeForest
59%
FoodGolden Apple
59%
FoodGolden Carrot
59%
Monster KilledGuardian
59%
EffectHaste
59%
AdvancementHot Stuff
59%
Monster KilledHusk
59%
EffectJump Boost
59%
EffectMining Fatigue
59%
EffectNausea
59%
Monster KilledPiglin Brute
59%
Mobs to BreedRabbit
59%
Monster KilledRavager
59%
FoodRaw Porkchop
59%
CatsRed
59%
EffectRegeneration
59%
Monster KilledStray
59%
EffectStrength
59%
Armor Trim | Monster KilledVex
59%
EffectWater Breathing
59%
EffectWeakness
59%
CatsWhite
59%
Monster KilledZoglin
59%
AdvancementAcquire Hardware
56%
AdvancementAdventuring Time
56%
EffectBad Omen
56%
BiomeBirch Forest
56%
FoodBread
56%
FoodCooked Cod
56%
FoodCooked Salmon
56%
AdvancementCover Me with Diamonds
56%
FoodEnchanted Golden Apple
56%
AdvancementGetting an Upgrade
56%
AdvancementHot Tourist Destinations
56%
AdvancementInto Fire
56%
AdvancementMonster Hunter
56%
Mobs to BreedMooshroom
56%
Mobs to BreedMule
56%
FoodMushroom Stew
56%
AdvancementNot Today, Thank You
56%
Mobs to BreedOcelot
56%
Monster KilledPhantom
56%
Monster KilledPillager
56%
FoodRaw Cod
56%
FoodRaw Salmon
56%
EffectSlow Falling
56%
FoodSpider Eye
56%
BiomeTaiga
56%
AdvancementThe City at the End of the Game
56%
AdvancementThe End... Again...
56%
AdvancementThe Parrots and the Bats
56%
Monster KilledVindicator
56%
AdvancementA Balanced Diet
52%
AdvancementA Terrible Fortress
52%
FoodBeetroot
52%
Mobs to BreedCamel
52%
FoodCooked Mutton
52%
FoodCooked Porkchop
52%
FoodCooked Rabbit
52%
AdvancementCover Me In Debris
52%
EffectDolphin's Grace
52%
AdvancementEye Spy
52%
FoodGlow Berries
52%
AdvancementHow Did We Get Here?
52%
AdvancementIce Bucket Challenge
52%
EffectInvisibility
52%
BiomeJungle
52%
AdvancementMonsters Hunted
52%
Mobs to BreedPanda
52%
FoodPotato
52%
FoodPufferfish
52%
FoodPumpkin Pie
52%
FoodRaw Mutton
52%
FoodRaw Rabbit
52%
EffectResistance
52%
FoodRotten Flesh
52%
Mobs to BreedSniffer
52%
AdvancementSpooky Scary Skeleton
52%
AdvancementTotal Beelocation
52%
AdvancementTwo by Two
52%
AdvancementWar Pigs
52%
EffectAbsorption
48%
AdvancementA Throwaway Joke
48%
FoodBeetroot Soup
48%
FoodChorus Fruit
48%
BiomeDark Forest
48%
EffectDarkness
48%
EffectFire Resistance
48%
Mobs to BreedFox
48%
EffectGlowing
48%
AdvancementGreat View From Up Here
48%
AdvancementIs It a Balloon?
48%
AdvancementIs It a Plane?
48%
AdvancementLocal Brewery
48%
BiomeOcean
48%
AdvancementOh Shiny
48%
AdvancementRemote Getaway
48%
AdvancementReturn to Sender
48%
Armor TrimSilence
48%
AdvancementSky's the Limit
48%
AdvancementSniper Duel
48%
AdvancementStar Trader
48%
Mobs to BreedStrider
48%
FoodSuspicious Stew
48%
AdvancementThis Boat Has Legs
48%
AdvancementThose Were the Days
48%
FoodTropical Fish
48%
AdvancementUneasy Alliance
48%
AdvancementVery Very Frightening
48%
AdvancementWax Off
48%
AdvancementWax On
48%
AdvancementWho's the Pillager Now?
48%
AdvancementWithering Heights
48%
AdvancementZombie Doctor
48%
AdvancementA Furious Cocktail
44%
AdvancementArbalistic
44%
Mobs to BreedAxolotl
44%
BiomeBadlands
44%
FoodBaked Potato
44%
AdvancementBeaconator
44%
AdvancementBring Home the Beacon
44%
AdvancementBullseye
44%
BiomeCold Ocean
44%
FoodCookie
44%
BiomeDeep Lukewarm Ocean
44%
BiomeDeep Ocean
44%
AdvancementEnchanter
44%
AdvancementFeels Like Home
44%
Mobs to BreedFrog
44%
AdvancementHired Help
44%
EffectHunger
44%
AdvancementIs It a Bird?
44%
AdvancementIt Spreads
44%
Mobs to BreedLlama
44%
BiomeLukewarm Ocean
44%
AdvancementOl' Betsy
44%
FoodRabbit Stew
44%
BiomeSavanna
44%
AdvancementSneak 100
44%
AdvancementSubspace Bubble
44%
AdvancementSurge Protector
44%
AdvancementTwo Birds, One Arrow
44%
AdvancementVoluntary Exile
44%
AdvancementWho is Cutting Onions?
44%
AdvancementYou Need a Mint
44%
AdvancementAdventure
41%
BiomeBamboo Jungle
41%
BiomeBeach
41%
AdvancementBee Our Guest
41%
AdvancementCareful Restoration
41%
AdvancementCaves & Cliffs
41%
AdvancementCountry Lode, Take Me Home
41%
AdvancementCrafting a New Look
41%
BiomeDeep Cold Ocean
41%
AdvancementFishy Business
41%
AdvancementFree the End
41%
BiomeFrozen Ocean
41%
Mobs to BreedGoat
41%
FoodHoney Bottle
41%
AdvancementHusbandry
41%
BiomeIce Spikes
41%
AdvancementLittle Sniffs
41%
BiomeMeadow
41%
FoodMelon Slice
41%
BiomeMushroom Fields
41%
AdvancementSmells Interesting
41%
BiomeSnowy Plains
41%
AdvancementSticky Situation
41%
AdvancementSuit Up
41%
FoodSweet Berries
41%
AdvancementTactical Fishing
41%
AdvancementTake Aim
41%
AdvancementThe Cutest Predator
41%
AdvancementThe Healing Power of Friendship
41%
AdvancementThe Next Generation
41%
BiomeWarm Ocean
41%
AdvancementWhat a Deal!
41%
AdvancementYou've Got a Friend in Me
41%
AdvancementA Complete Catalogue
37%
AdvancementA Seedy Place
37%
AdvancementBest Friends Forever
37%
AdvancementBirthday Song
37%
BiomeCherry Grove
37%
BiomeDeep Dark
37%
FoodDried Kelp
37%
BiomeFlower Forest
37%
AdvancementHidden in the Depths
37%
CatsJellie
37%
BiomeMangrove Swamp
37%
AdvancementNot Quite "Nine" Lives
37%
AdvancementPlanting the Past
37%
FoodPoisonous Potato
37%
AdvancementPostmortal
37%
Armor TrimRib
37%
BiomeRiver
37%
AdvancementSerious Dedication
37%
AdvancementSmithing with Style
37%
BiomeSparse Jungle
37%
BiomeSwamp
37%
Armor TrimWayfinder
37%
AdvancementWhatever Floats Your Goat!
37%
AdvancementWhen the Squad Hops into Town
37%
AdvancementWith Our Powers Combined!
37%
BiomeWooded Badlands
37%
AdvancementBukkit Bukkit
33%
BiomeDeep Frozen Ocean
33%
BiomeDripstone Caves
33%
BiomeEroded Badlands
33%
BiomeFrozen Peaks
33%
BiomeFrozen River
33%
BiomeGrove
33%
AdvancementLight as a Rabbit
33%
BiomeLush Caves
33%
AdvancementRespecting the Remnants
33%
Armor TrimSnout
33%
BiomeSnowy Taiga
33%
Armor TrimSpire
33%
BiomeStony Shore
33%
AdvancementSweet Dreams
33%
CatsTabby
33%
CatsBritish Shorthair
30%
BiomeOld Growth Birch Forest
30%
CatsPersian
30%
BiomeSavanna Plateau
30%
BiomeSnowy Beach
30%
BiomeSnowy Slopes
30%
AdvancementSound of Music
30%
BiomeSunflower Plains
30%
Armor TrimTide
30%
CatsCalico
26%
AdvancementGlow and Behold
26%
BiomeJagged Peaks
26%
CatsSiamese
26%
BiomeStony Peaks
26%
AdvancementThe Power of Books
26%
CatsTuxedo
26%
BiomeWindswept Savanna
26%
BiomeOld Growth Spruce Taiga
22%
CatsRagdoll
22%
BiomeWindswept Forest
22%
BiomeWindswept Gravelly Hills
22%
BiomeWindswept Hills
22%
BiomeOld Growth Pine Taiga
19%

Score Distribution

Percentile by Number Answered

Percent of People with Each Score

Your Score History

You have not taken this quiz since the last reset